[Event "Ch Croatia (team) (1st league)"]
[Site "masterchessopen.com Pula (Croatia)"]
[Round "8"]
[White "Brumen Dinko (CRO)"]
[Black "Nikolac Juraj (CRO)"]
[Result "0-1"]
[WhiteElo "2441"]
[BlackElo "2448"]

1.d4 Nf6 2.c4 e6 3.Nc3 Bb4 4.e3 b6 5.Ne2 Ba6 6.a3 Be7 7.Nf4 d5 8.Qa4+ c6
9.cxd5 Bxf1 10.Kxf1 exd5 11.Bd2 O-O 12.Rc1 Bd6 13.Nd3 c5 14.dxc5 bxc5 15.g4
Nbd7 16.g5 Nb6 17.Qd1 Nfd7 18.h4 Rc8 19.Qf3 c4 20.Ne1 Ne5 21.Qg2 Bc5 22.Rh3
Qd7 23.Rg3 Rfd8 24.f4 Nd3 25.Nxd3 cxd3 26.e4 dxe4 27.Nxe4 Qf5 28.Rc3 Bd4
29.Rxc8 Qxc8 30.Rxd3 Nc4 31.Qh3 Qa6 32.Kg2 Nxb2 {#R} 0-1

[Event "Tournament (active)"]
[Site "masterchessopen.com Sao Paulo (Brazil)"]
[Round "4"]
[White "Santos Marcus Vinicius Moreira (BRA)"]
[Black "Leitao Rafael (BRA)"]
[Result "0-1"]
[WhiteElo "2254"]
[BlackElo "2581"]

1.d4 Nf6 2.c4 e6 3.Nc3 Bb4 4.e3 b6 5.Ne2 Ba6 6.Ng3 Bxc3+ 7.bxc3 d5 8.cxd5 Bxf1
9.Kxf1 Qxd5 10.Qd3 O-O 11.e4 Qa5 12.e5 Nd5 13.Ne4 f5 14.Ng5 Re8 15.Bd2 h6
16.Nf3 c5 17.g3 cxd4 18.cxd4 Qa6 19.Ke2 Qxd3+ 20.Kxd3 Nc6 21.Rhc1 Rac8 22.a3
g5 23.Ra2 Ncb4+ 24.axb4 Rxc1 25.Rxa7 Rc7 26.Ra3 Rec8 27.h4 g4 28.Ne1 Rc4
29.Rb3 b5 30.Rb2 h5 31.Rb3 Kf7 32.Rb2 Kg6 33.Ng2 Rd8 34.Ne3 Nxe3 35.Bxe3 Ra8
36.Bd2 Ra3+ {#R} 0-1

[Event "It (open)"]
[Site "masterchessopen.com Sautron (France)"]
[Round "8"]
[White "Dumitrache Dragos-Nicolae (ROM)"]
[Black "Istratescu Andrei (ROM)"]
[Result "0-1"]
[WhiteElo "2495"]
[BlackElo "2603"]

1.d4 Nf6 2.c4 e6 3.Nc3 Bb4 4.e3 b6 5.Ne2 Ba6 6.a3 Be7 7.Nf4 d5 8.cxd5 Bxf1
9.Kxf1 Nxd5 10.Ncxd5 exd5 11.Qh5 Bg5 12.Ne6 g6 13.Qxg5 fxe6 14.Qe5 Kd7 15.Bd2
Nc6 16.Qg3 Kc8 17.h4 Kb7 18.h5 Qd7 19.a4 a5 20.Ke2 g5 21.Rac1 Ne7 22.b3 Nf5
23.Qe5 g4 24.Rc2 Qd6 25.Qxd6 Nxd6 26.f3 Rhg8 27.Kf2 gxf3 28.gxf3 Raf8 29.Rh2
Ne4+ 30.Ke2 Ng3+ 31.Kf2 Rf5 32.Rg2 Ne4+ 33.Kg1 Ng5 34.f4 Nf3+ 35.Kf2 Rxg2+
36.Kxg2 Nxd2 37.Rxd2 Rxh5 38.Kg3 Rh1 39.Kg4 Re1 40.Rd3 Kc6 41.Kg5 Kd6 42.Kf6
Rg1 43.Rd2 Rg6+ 44.Kf7 Rg3 {#R} 0-1

[Event "It (open)"]
[Site "masterchessopen.com St. Veit (Austria)"]
[Round "0"]
[White "Raffalt Manfred (AUT)"]
[Black "Wersching Alfred (AUT)"]
[Result "1-0"]
[WhiteElo "2186"]
[BlackElo "2063"]

1.d4 Nf6 2.c4 e6 3.Nc3 Bb4 4.e3 b6 5.Ne2 Ba6 6.Ng3 h5 7.Bd3 Bxc3+ 8.bxc3 Bb7
9.f3 d6 10.O-O h4 11.Ne2 e5 12.e4 Nfd7 13.a4 Nc6 14.f4 Na5 15.Ba3 c5 16.Nc1
Qe7 17.fxe5 dxe5 18.Nb3 Nxb3 19.Qxb3 Qg5 20.Rae1 h3 21.Rf2 exd4 22.cxd4 O-O-O
23.g3 cxd4 24.Rf5 Qh6 25.Qc2 Kb8 26.a5 Rhe8 27.axb6 axb6 28.c5 Rc8 29.Bc1 Qc6
30.Bf4+ Rc7 31.cxb6 Qxb6 32.Bxc7+ Qxc7 33.Qxc7+ Kxc7 34.Rxf7 Kd6 35.Rxg7 Ne5
36.Rxb7 Nxd3 37.Rd1 Ne5 38.Rxd4+ Kc6 39.Rb3 Kc5 40.Rd1 Nc4 41.Rc1 {#r} 1-0

[Event "It (open)"]
[Site "masterchessopen.com St. Veit (Austria)"]
[Round "0"]
[White "Wersching Alfred (AUT)"]
[Black "Hecht Hans-Joachim (GER)"]
[Result "0-1"]
[WhiteElo "2063"]
[BlackElo "2418"]

1.d4 Nf6 2.c4 e6 3.Nc3 Bb4 4.e3 b6 5.Ne2 Ba6 6.a3 Be7 7.Nf4 Bb7 8.Bd3 d5
9.cxd5 exd5 10.Nh5 g6 11.Nxf6+ Bxf6 12.b4 O-O 13.Rb1 Nd7 14.Ne2 Be7 15.O-O Bd6
16.Bd2 Re8 17.Nc3 a6 18.Re1 Nf6 19.f3 h5 20.Re2 Bf8 21.Qc2 Bh6 22.Rbe1 Qd7
23.Nd1 Re6 24.Nf2 Rae8 25.g3 R8e7 26.Kg2 Ne8 27.f4 f5 28.a4 Nd6 29.h3 Bc6
30.a5 Bg7 31.axb6 cxb6 32.Kh2 Bb5 33.Bxb5 Nxb5 34.Bc1 Rc6 35.Qd3 Rc4 {#R} 0-1

[Event "Ch Sweden (team) 2001/02"]
[Site "masterchessopen.com Stockholm (Sweden)"]
[Round "2"]
[White "Webb Simon (ENG)"]
[Black "Brynell Stellan (SWE)"]
[Result "0-1"]
[WhiteElo "2420"]
[BlackElo "2506"]

1.d4 e6 2.c4 Nf6 3.Nc3 Bb4 4.e3 b6 5.Ne2 Ba6 6.a3 Be7 7.Nf4 d5 8.b3 O-O 9.Bd3
Bb7 10.O-O Nbd7 11.Bb2 a6 12.Qf3 c6 13.Rfd1 Bd6 14.Nh5 Nxh5 15.Qxh5 Nf6 16.Qh3
h6 17.e4 dxe4 18.Nxe4 Be7 19.Rac1 a5 20.Qf3 Rb8 21.Qe2 Re8 22.Bb1 Nd7 23.Rc3
Qc7 24.Rg3 Bf8 25.Qd3 f5 26.Nd2 Bd6 27.Rh3 Rf8 28.Nf3 Rbe8 29.Re1 c5 30.Ne5
cxd4 31.Nxd7 Qxd7 32.Qxd4 Qc7 33.Rd3 Bxh2+ 34.Kh1 Be4 35.Rxe4 fxe4 36.Qxe4
Rxf2 37.Qh7+ Kxh7 {#R} 0-1

[Event "Ch Sweden (team) 2001/02"]
[Site "masterchessopen.com Sweden"]
[Round "5"]
[White "Ingbrandt Johan (SWE)"]
[Black "Brynell Stellan (SWE)"]
[Result "0-1"]
[WhiteElo "2400"]
[BlackElo "2506"]

1.d4 e6 2.c4 Nf6 3.Nc3 Bb4 4.e3 b6 5.Ne2 Ba6 6.Ng3 O-O 7.e4 d5 8.cxd5 Bxf1
9.Kxf1 exd5 10.e5 Ne8 11.Qb3 Bxc3 12.bxc3 c5 13.Ba3 Na6 14.Rd1 Nec7 15.f3 Qd7
16.Kf2 Rfd8 17.Rhe1 Rac8 18.dxc5 Nxc5 19.Bxc5 bxc5 20.Ne4 Rb8 21.Qa3 Qf5
22.Ng3 Qc2+ 23.Ne2 Ne6 24.Qxa7 d4 25.cxd4 cxd4 26.Qa5 Rb2 27.Kg3 h5 28.h4 Rxa2
29.Qb6 Qf5 30.Qb1 Qxe5+ {#R} 0-1

[Event "Ch Spain (open)"]
[Site "masterchessopen.com Ayamonte (Spain)"]
[Round "8"]
[White "Munoz Moreno Francisco J (ESP)"]
[Black "Mascaro March Pedro (ESP)"]
[Result "1-0"]
[WhiteElo "2291"]
[BlackElo "2323"]

1.d4 Nf6 2.c4 e6 3.Nc3 Bb4 4.e3 b6 5.Ne2 Ba6 6.a3 Bxc3+ 7.Nxc3 d5 8.b3 O-O
9.Be2 Nc6 10.a4 dxc4 11.bxc4 Na5 12.Nb5 c6 13.Na3 c5 14.Bb2 Rc8 15.Rc1 Qe7
16.Nb5 Bxb5 17.axb5 cxd4 18.exd4 Nxc4 19.Bxc4 Qb4+ 20.Qd2 Rxc4 21.Qxb4 Rxb4
22.Ba3 Rxb5 23.Bxf8 Kxf8 24.O-O Nd5 25.Rc8+ Ke7 26.Ra8 a5 27.Ra7+ Kf6 28.g3
Rb4 29.Rc1 Rxd4 30.Rc8 a4 31.Rf8 Ne7 32.Rfa8 b5 33.Rb7 Rb4 34.Ra5 Rb1+ 35.Kg2
b4 36.Rxa4 Nd5 37.Raa7 Ne7 {#r} 1-0

[Event "Ch Catalunia"]
[Site "masterchessopen.com Barcelona (Spain)"]
[Round "4"]
[White "Gual Pascual Antonio (ESP)"]
[Black "Beltran Rueda Santiago (ESP)"]
[Result "0-1"]
[WhiteElo "2441"]
[BlackElo "2391"]

1.d4 Nf6 2.c4 e6 3.Nc3 Bb4 4.e3 b6 5.Ne2 Ba6 6.Ng3 Bxc3+ 7.bxc3 d5 8.Ba3 Bxc4
9.Bxc4 dxc4 10.e4 Qd7 11.O-O Nc6 12.Qe2 O-O-O 13.Qxc4 Kb7 14.e5 Nd5 15.Qd3 f5
16.exf6 Nxf6 17.f4 e5 18.fxe5 Nxe5 19.Qe2 Nc6 20.Nf5 Rhe8 21.Qf3 Ne4 22.Rad1
g6 23.Nh6 Qd5 24.Nf7 Rd7 25.Ne5 Nxe5 26.dxe5 Nd2 27.Qf4 Qxe5 {#R} 0-1

[Event "It (open)"]
[Site "masterchessopen.com Biel (Switzerland)"]
[Round "8"]
[White "Kahn Michel (FRA)"]
[Black "Deschenaux Yves (SUI)"]
[Result "0-1"]
[WhiteElo "2123"]
[BlackElo "2218"]

1.d4 Nf6 2.c4 e6 3.Nc3 Bb4 4.e3 b6 5.Ne2 Ba6 6.a3 Bxc3+ 7.Nxc3 d5 8.b3 O-O
9.Qf3 c5 10.Bb2 cxd4 11.exd4 Nc6 12.O-O-O Na5 13.b4 Nxc4 14.b5 Nxb2 15.Kxb2
Bb7 16.Bd3 a6 17.bxa6 Bxa6 18.Bc2 Qd6 19.Ra1 Bc4 20.Qg3 Qe7 21.Rhe1 b5 22.Qh4
Qa7 23.Re3 b4 24.Nb1 bxa3+ 25.Kc1 a2 26.Nd2 Rfc8 27.Rh3 h6 28.Kd1 Be2+ {#R}
0-1

[Event "Ch Netherlands (open)"]
[Site "masterchessopen.com Dieren (Netherlands)"]
[Round "4"]
[White "Van Beek Lucien (NED)"]
[Black "Dgebuadze Alexandre (BEL)"]
[Result "0-1"]
[WhiteElo "2341"]
[BlackElo "2533"]

1.d4 Nf6 2.c4 e6 3.Nc3 Bb4 4.e3 b6 5.Ne2 Ba6 6.a3 Bxc3+ 7.Nxc3 d5 8.b3 O-O
9.Bd3 dxc4 10.bxc4 Nc6 11.a4 Re8 12.Ba3 e5 13.d5 Na5 14.Nb5 Bxb5 15.axb5 Nb7
16.Bb4 Nd7 17.Qc2 h6 18.Ra3 Ndc5 19.Qa2 a5 20.bxa6 Rxa6 21.Bxc5 Nxc5 22.Rxa6
Nxd3+ 23.Ke2 Nb4 24.Qa4 Nxa6 25.Qxa6 Qg5 26.g3 Qh5+ 27.Kd2 Qf3 28.Rf1 Qg2
29.Ke2 Qxh2 30.Qa4 Rd8 31.c5 Qh5+ 32.g4 Qg6 33.d6 bxc5 34.dxc7 Rc8 35.Qd7 Qa6+
36.Kf3 Qb7+ 37.e4 Qxc7 38.Qf5 c4 39.Rd1 c3 40.Rd7 Qc4 {#R} 0-1

[Event "Ch Finland (team) 2002/03"]
[Site "masterchessopen.com Finland"]
[Round "4"]
[White "Toikka Jussi (FIN)"]
[Black "Nevanlinna Risto (FIN)"]
[Result "0-1"]
[WhiteElo "2107"]
[BlackElo "2343"]

1.d4 Nf6 2.c4 e6 3.Nc3 Bb4 4.e3 b6 5.Ne2 Ba6 6.a3 Bxc3+ 7.Nxc3 d5 8.b3 O-O
9.Be2 Nc6 10.a4 Na5 11.Nb5 c6 12.Na3 Ne4 13.Qc2 Qe7 14.O-O Qb4 15.Bd3 Qxb3
16.Bxe4 dxe4 17.Qxe4 Nxc4 18.Nxc4 Bxc4 19.Ba3 Bxf1 20.Kxf1 Qc3 21.Qb1 Rfd8
22.Ra2 c5 23.Kg1 cxd4 24.Bb4 Qc6 {#R} 0-1

[Event "Oberliga Southwest 2001/02"]
[Site "masterchessopen.com Germany"]
[Round "0"]
[White "Schumacher Olaf (GER)"]
[Black "Parulava Temur (GER)"]
[Result "0-1"]
[WhiteElo "2244"]
[BlackElo "2318"]

1.d4 Nf6 2.c4 e6 3.Nc3 Bb4 4.e3 b6 5.Ne2 Ba6 6.a3 Be7 7.Ng3 d5 8.b3 O-O 9.Be2
c6 10.O-O Nbd7 11.Bb2 Ne8 12.cxd5 Bxe2 13.Qxe2 cxd5 14.f3 Bd6 15.e4 Qh4 16.Qf2
Nef6 17.Rfe1 dxe4 18.Ncxe4 Nxe4 19.fxe4 Bxg3 20.Qxg3 Qxg3 21.hxg3 Rfd8 22.Kf2
b5 23.a4 bxa4 24.Rxa4 Rdb8 25.Re3 Rb7 26.Ba3 h5 27.Bc5 e5 28.b4 exd4 29.Bxd4
Nb6 30.Bxb6 Rxb6 31.Rea3 Rab8 32.Rxa7 Rxb4 33.Kf3 R8b6 34.R7a6 g6 35.Rxb6 Rxb6
36.Ra7 Rb2 37.Rd7 Ra2 38.Rb7 Kg7 39.e5 Kg8 40.Rc7 Ra4 41.Rb7 Ra1 42.Rc7 Rf1+
43.Ke2 Rf5 44.Rc8+ Kh7 45.Re8 Kh6 46.e6 Re5+ 47.Kf2 fxe6 48.Re7 Kg5 {#R} 0-1

[Event "Cup European Club (final)"]
[Site "masterchessopen.com Halkidiki (Greece)"]
[Round "6"]
[White "Collier David (ENG)"]
[Black "Couso Luis (SWE)"]
[Result "0-1"]
[WhiteElo "2273"]
[BlackElo "2353"]

1.d4 e6 2.c4 Nf6 3.Nc3 Bb4 4.e3 b6 5.Ne2 Ba6 6.a3 Be7 7.Nf4 O-O 8.d5 exd5
9.Nfxd5 Nxd5 10.Nxd5 Bd6 11.Bd3 Re8 12.Qh5 g6 13.Qf3 Be5 14.Nxc7 Qxc7 15.Qxa8
Bb7 16.Qxa7 Na6 17.Be4 Bxe4 18.Qxa6 Bxh2 19.c5 Bxg2 20.cxb6 Qd6 21.Rxh2 Qxh2
22.Qe2 Qh1+ 23.Kd2 Rc8 24.Qd1 Qh4 25.Qg1 Bf3 26.Qf1 Qa4 27.b7 Qc2+ {#R} 0-1

[Event "Ch Finland"]
[Site "masterchessopen.com Helsinki (Finland)"]
[Round "5"]
[White "Hurme Harri M (FIN)"]
[Black "Maki-Uuro Miikka (FIN)"]
[Result "0-1"]
[WhiteElo "2269"]
[BlackElo "2373"]

1.d4 Nf6 2.c4 e6 3.Nc3 Bb4 4.e3 b6 5.Ne2 Ba6 6.a3 Bxc3+ 7.Nxc3 d5 8.cxd5 Bxf1
9.Kxf1 exd5 10.g4 O-O 11.f3 Nc6 12.b3 Ne7 13.Ra2 c5 14.Rd2 cxd4 15.Rxd4 Nc6
16.g5 Nxd4 17.gxf6 Qxf6 18.exd4 Qf5 19.Kg2 Rac8 20.Qd2 Rc6 21.Rf1 Rfc8 22.Bb2
h5 23.Rf2 h4 24.a4 h3+ 25.Kf1 Rxc3 26.Bxc3 Qb1+ 27.Ke2 Re8+ 28.Qe3 Rxe3+
29.Kxe3 Qxb3 30.Kd2 Qa2+ 31.Ke3 Qxa4 32.Kf4 Qc4 33.Bb2 b5 {#R} 0-1

[Event "Cup Mitropa"]
[Site "masterchessopen.com Leipzig (Germany)"]
[Round "5"]
[White "Graf Alexander (GER)"]
[Black "Cvek Robert (CZE)"]
[Result "1-0"]
[WhiteElo "2630"]
[BlackElo "2429"]

1.d4 Nf6 2.c4 e6 3.Nc3 Bb4 4.e3 b6 5.Ne2 Ba6 6.Ng3 Bxc3+ 7.bxc3 d5 8.Ba3 dxc4
9.e4 Qd7 10.Be2 Nc6 11.O-O O-O-O 12.Qc2 h5 13.Rfd1 Ne7 14.Bc1 Rdg8 15.Nf1 g5
16.Ne3 Bb7 17.f3 g4 18.Nxc4 Qe8 19.Rf1 h4 20.Bd3 gxf3 21.Rxf3 Nh5 22.Ba3 f5
23.Re1 Nf6 24.Nd2 Rg7 25.Re2 Kb8 26.exf5 Bxf3 27.Nxf3 Ned5 28.Rxe6 Qh5 29.Ne5
Nf4 30.Rxf6 Rxg2+ 31.Qxg2 Nxg2 32.Kxg2 Qd1 33.Kh3 Qd2 34.Rf8+ Rxf8 35.Bxf8
Qxc3 36.f6 Kb7 37.f7 Qxd4 38.Bg7 Qe3+ 39.Kxh4 {#r} 1-0

[Event "It (open) \"]
[Site "masterchessopen.com Moscow (Russia)"]
[Round "5"]
[White "Aleksandrov Aleksej (BLR)"]
[Black "Yemelin Vasily (RUS)"]
[Result "0-1"]
[WhiteElo "2633"]
[BlackElo "2549"]

1.d4 Nf6 2.c4 e6 3.Nc3 Bb4 4.e3 b6 5.Ne2 Ba6 6.a3 Be7 7.Nf4 d5 8.Qb3 c6 9.cxd5
exd5 10.Bxa6 Nxa6 11.Qa4 Nb8 12.O-O O-O 13.Bd2 Bd6 14.Nce2 Qc7 15.Rac1 Rc8
16.Bb4 Bxf4 17.Nxf4 a5 18.Be1 Nbd7 19.Qc2 Qd6 20.f3 Qe7 21.Bf2 h6 22.Rfe1 c5
23.Red1 g5 24.Ne2 Qe6 25.dxc5 bxc5 26.b4 axb4 27.axb4 d4 28.bxc5 dxe3 29.Bg3
Rxc5 30.Qd3 Rxc1 31.Rxc1 Qa6 32.Qc2 Qa2 33.Qc6 Qd5 34.Qc3 Qd2 35.Qc4 Qd5
36.Qc3 Qd2 37.Qc4 Ra2 38.Kf1 Qd5 39.Qc3 Qd2 40.Qc4 Qd5 41.Qc3 Qe6 42.Nd4 Qa6+
43.Kg1 Nd5 44.Qe1 Qd3 45.Rd1 Rd2 {#R} 0-1

[Event "Ch Austria"]
[Site "masterchessopen.com Oberpullendorf (Austria)"]
[Round "4"]
[White "Zoebisch Herbert (AUT)"]
[Black "Schneider-Zinner Harald (AUT)"]
[Result "0-1"]
[WhiteElo "2203"]
[BlackElo "2353"]

1.d4 Nf6 2.c4 e6 3.Nc3 Bb4 4.e3 b6 5.Ne2 Ba6 6.a3 Bxc3+ 7.Nxc3 d5 8.Qa4+ c6
9.cxd5 Bxf1 10.Rxf1 exd5 11.f3 Qd6 12.g3 O-O 13.Bd2 a5 14.Kf2 Nbd7 15.Ne2 b5
16.Qc2 Rfc8 17.b4 a4 18.Rae1 Re8 19.Nf4 Nb6 20.Nd3 Nc4 21.Bc1 Ra7 22.Nc5 Rae7
23.Re2 Nd7 24.Nxd7 Qxd7 25.Rfe1 f5 26.Kg2 Qe6 27.Qd3 g5 28.f4 gxf4 29.exf4
Qxe2+ 30.Rxe2 Rxe2+ 31.Kh3 Nd6 {#R} 0-1

[Event "It (cat.4)"]
[Site "masterchessopen.com Opatija (Croatia)"]
[Round "10"]
[White "Sitnik Igor (SLO)"]
[Black "Orak Ljubomir (CRO)"]
[Result "0-1"]
[WhiteElo "2258"]
[BlackElo "2285"]

1.d4 Nf6 2.c4 e6 3.Nc3 Bb4 4.e3 b6 5.Ne2 Ba6 6.a3 Bxc3+ 7.Nxc3 d5 8.b3 O-O
9.Be2 Nc6 10.a4 Qd7 11.O-O Rfd8 12.Rb1 dxc4 13.b4 Bb7 14.Bxc4 Ne7 15.Bb2 Qc6
16.Qf3 Qxf3 17.gxf3 Bxf3 18.Rfc1 c6 19.Ba3 Ng6 20.Be2 Bxe2 21.Nxe2 Rac8 22.Rb2
b5 23.Rbc2 Ne7 24.a5 Ne4 25.f3 Nd6 26.Kf2 Nc4 27.Rxc4 bxc4 28.Rxc4 Nf5 29.e4
Nd6 30.Rc5 f6 31.Ke3 Kf7 32.Bb2 Rd7 33.Bc3 Rb7 34.Be1 Rb5 35.Rc2 Ke7 36.Kd3
Kd7 37.Ke3 e5 38.dxe5 fxe5 39.f4 exf4+ 40.Kf3 Re5 41.Rd2 Rce8 42.Nc3 Kc7
43.Rd4 g5 44.Bf2 a6 45.h3 h6 46.h4 R8e7 47.hxg5 hxg5 48.Bg1 Rh7 {#R} 0-1

[Event "It (open)"]
[Site "masterchessopen.com Trignac (France)"]
[Round "7"]
[White "Neverov Valeriy (UKR)"]
[Black "Istratescu Andrei (ROM)"]
[Result "0-1"]
[WhiteElo "2588"]
[BlackElo "2593"]

1.d4 Nf6 2.c4 e6 3.Nc3 Bb4 4.e3 b6 5.Ne2 Ba6 6.a3 Be7 7.Nf4 d5 8.cxd5 Bxf1
9.Kxf1 Nxd5 10.Ncxd5 exd5 11.Qh5 Bg5 12.Ne6 g6 13.Qxg5 fxe6 14.Qe5 Kd7 15.Qg7+
Kc8 16.e4 Nc6 17.exd5 exd5 18.Bf4 Kb7 19.Rd1 Rf8 20.g3 Qc8 21.h3 Rxf4 22.gxf4
Qf5 23.Qxh7 Qxf4 24.Rg1 Rf8 25.Rg2 Nxd4 26.Qd7 Qe4 27.Kg1 Rf5 28.Rg4 Ne2+
29.Kf1 Qc2 {#R} 0-1

[Event "Bundesliga (2nd) West 2002/03"]
[Site "masterchessopen.com Germany"]
[Date "2002.10.20"]
[Round "1"]
[White "Kitte Sebastian (GER)"]
[Black "Sutmuller Jos (NED)"]
[Result "1-0"]
[WhiteElo "2284"]
[BlackElo "2178"]

1.d4 Nf6 2.c4 e6 3.Nc3 Bb4 4.e3 b6 5.Ne2 Ba6 6.a3 Bxc3+ 7.Nxc3 d5 8.b3 O-O
9.Bd3 Nc6 10.cxd5 Bxd3 11.Qxd3 exd5 12.O-O Qd7 13.f3 Rfe8 14.g4 Rad8 15.Ne2
Ne7 16.Ng3 Qe6 17.Bb2 Nc8 18.Rae1 c5 19.dxc5 bxc5 20.Qc3 Qb6 21.g5 d4 22.exd4
cxd4 23.Qd2 Rxe1 24.Rxe1 d3+ 25.Kh1 Ne8 26.Qxd3 Qa5 27.Qe3 Ncd6 28.Re2 Qd5
29.Rd2 Qc6 30.Kg2 Rc8 31.Qxa7 Qb5 32.Qe3 Rb8 33.Be5 Rd8 34.Bxd6 Nxd6 35.Ne4
Qe8 36.Rxd6 Rc8 37.Rd2 {#r} 1-0

[Event "Ch Serbia & Montenegro (team) (2 league)"]
[Site "masterchessopen.com Belgrade (Yugoslavia)"]
[Round "5"]
[White "Milanovic Danilo (SRB)"]
[Black "Nikolic Milos (SRB)"]
[Result "1-0"]
[WhiteElo "2434"]
[BlackElo "2180"]

1.d4 Nf6 2.c4 e6 3.Nc3 Bb4 4.e3 b6 5.Ne2 Ba6 6.a3 Be7 7.Ng3 O-O 8.e4 d6 9.Be2
Nbd7 10.O-O c5 11.d5 e5 12.Nf5 Ne8 13.g3 Bf6 14.h4 Kh8 15.Kg2 g6 16.Nh6 Bg7
17.h5 g5 18.Nf5 h6 19.a4 Rb8 20.Qc2 Rb7 21.Bd2 Rg8 22.Ra3 Bf8 23.a5 Nc7
24.axb6 Nxb6 25.b3 {#r} 1-0

[Event "It (cat.9)"]
[Site "masterchessopen.com Bogny sur Meuse (France)"]
[Round "4"]
[White "Vallin Guillaume (FRA)"]
[Black "Eliet Nicolas (FRA)"]
[Result "1-0"]
[WhiteElo "2422"]
[BlackElo "2430"]

1.d4 Nf6 2.c4 e6 3.Nc3 Bb4 4.e3 b6 5.Ne2 Ba6 6.a3 Bxc3+ 7.Nxc3 d5 8.Qf3 c6
9.b3 O-O 10.Bb2 Qe7 11.Rd1 Re8 12.Be2 Nbd7 13.O-O Bb7 14.Qg3 Rac8 15.Rfe1 a6
16.Bd3 g6 17.e4 dxc4 18.bxc4 e5 19.dxe5 Nxe5 20.Be2 b5 21.h3 Qc5 22.Qh4 Re6
23.Nb1 Rce8 24.Nd2 Nfd7 25.Nb3 Qe7 26.Qxe7 R6xe7 27.Na5 Bc8 28.cxb5 cxb5 29.f4
Nc4 30.Bxc4 bxc4 31.Nxc4 Nf8 32.Nd6 {#r} 1-0

[Event "Ch Serbia & Montenegro (team)"]
[Site "masterchessopen.com Budva (Yugoslavia)"]
[Round "8"]
[White "Aleksandrov Aleksej (BLR)"]
[Black "Perunovic Milos (SRB)"]
[Result "1-0"]
[WhiteElo "2659"]
[BlackElo "2575"]

1.d4 Nf6 2.c4 e6 3.Nc3 Bb4 4.e3 b6 5.Ne2 Ba6 6.Qa4 c5 7.a3 Bxc3+ 8.Nxc3 O-O
9.dxc5 bxc5 10.Be2 Qb6 11.O-O Nc6 12.b4 Bb7 13.Rb1 Rab8 14.b5 Ne7 15.Qc2 Nf5
16.Bd3 Rbc8 17.Bxf5 exf5 18.Qxf5 Qe6 19.Qxe6 fxe6 20.Rd1 Rf7 21.a4 d5 22.cxd5
Nxd5 23.Bb2 Rcf8 24.Rd2 c4 25.Rc1 Rc8 26.Ne4 c3 27.Nxc3 Rfc7 28.Ne2 Rxc1+
29.Bxc1 a6 30.f3 axb5 31.axb5 Rc5 32.e4 Nb6 33.Rd8+ Kf7 34.Rb8 Rc7 35.Bf4 Rd7
36.Be3 Nc4 37.Bc5 e5 38.Nc3 Nb2 39.h4 h5 40.Kh2 g6 41.Ba3 Nc4 42.Bb4 Nb2 43.b6
Nc4 44.Na4 Bc6 45.Nc5 Re7 46.b7 {#r} 1-0

[Event "It (w)"]
[Site "masterchessopen.com Cannes (France)"]
[Round "3"]
[White "Flear Christine (FRA)"]
[Black "Nepeina-Leconte Maria (FRA)"]
[Result "1-0"]
[WhiteElo "2245"]
[BlackElo "2302"]

1.d4 Nf6 2.c4 e6 3.Nc3 Bb4 4.e3 b6 5.Ne2 Ba6 6.a3 Bxc3+ 7.Nxc3 d5 8.b3 Nc6
9.a4 O-O 10.Ba3 Re8 11.Be2 Na5 12.Rb1 c6 13.O-O Qc8 14.Bb4 Nb7 15.Nb5 c5
16.dxc5 bxc5 17.Bc3 Ne4 18.Ba1 Rd8 19.Qc2 Nbd6 20.f3 Nf6 21.Bxf6 gxf6 22.cxd5
Bxb5 23.axb5 exd5 24.Rfc1 c4 25.bxc4 dxc4 26.Bxc4 Nxc4 27.Qb3 Qf5 28.Rxc4 Rab8
29.Rc7 Rd7 30.e4 {#r} 1-0

[Event "Zt"]
[Site "masterchessopen.com Dubai (United Arab Emirates)"]
[Round "2"]
[White "Abdulla A (IRQ)"]
[Black "Taleb Moussa (UAE)"]
[Result "0-1"]
[WhiteElo "2320"]
[BlackElo "2517"]

1.d4 Nf6 2.c4 e6 3.Nc3 Bb4 4.e3 b6 5.Ne2 Ba6 6.a3 Bxc3+ 7.Nxc3 d5 8.b3 O-O
9.Bd3 Re8 10.Bb2 dxc4 11.bxc4 Nc6 12.Qc2 e5 13.d5 Na5 14.Na2 c6 15.Nb4 Bb7
16.dxc6 Nxc6 17.Nxc6 Bxc6 18.O-O Rc8 19.f4 exf4 20.Rxf4 Rxe3 21.Rd1 Qe7
22.Rdf1 Qd6 23.Bd4 Re4 24.Rxe4 Bxe4 25.Qc3 Bxd3 26.Qxd3 Rd8 27.Rd1 Ng4 28.Qh3
Qf4 29.Qh4 f6 30.g3 Qe4 {#R} 0-1

[Event "Ch England (team) 2003/04 (2 div)"]
[Site "masterchessopen.com England"]
[Round "2"]
[White "Dilleigh Steve (ENG)"]
[Black "Punnett Alan Kenneth (ENG)"]
[Result "1-0"]
[WhiteElo "2161"]
[BlackElo "2113"]

1.d4 Nf6 2.c4 e6 3.Nc3 Bb4 4.e3 b6 5.Ne2 Ba6 6.Ng3 d5 7.Qa4+ Nfd7 8.Qxb4 dxc4
9.Bxc4 Nc6 10.Qa4 Bxc4 11.Qxc4 Na5 12.Qe2 O-O 13.O-O Qh4 14.e4 Rfe8 15.Be3 e5
16.d5 a6 17.Rfd1 g6 18.Rac1 Nb7 19.Na4 Rec8 20.Qd2 Qe7 21.Rc2 Nd6 22.Rdc1 Nf8
23.Rc6 f5 24.exf5 gxf5 25.Bxb6 cxb6 26.Nxb6 Rxc6 27.Rxc6 Rd8 28.Qc2 e4 29.Rc7
Qe5 30.Qc3 Ng6 31.Nh5 Ne8 32.Qxe5 Nxe5 33.Re7 Nd3 34.Nd7 Nxb2 35.d6 Nc4
36.Nhf6+ Nxf6 37.Nxf6+ Kf8 38.Nxh7+ Kg8 39.d7 Nd6 40.Nf6+ Kf8 41.Re6 Nf7
42.Rxa6 Ke7 43.Kf1 Nd6 44.Ke2 Ke6 45.Ne8 {#r} 1-0

[Event "Ch Finland"]
[Site "masterchessopen.com Helsinki (Finland)"]
[Round "3"]
[White "Johansson Jukka (FIN)"]
[Black "Tiitta Sauli (FIN)"]
[Result "1-0"]
[WhiteElo "2129"]
[BlackElo "2208"]

1.d4 Nf6 2.c4 e6 3.Nc3 Bb4 4.e3 b6 5.Ne2 Ba6 6.a3 Be7 7.Ng3 d5 8.b3 O-O 9.Be2
c6 10.O-O Nbd7 11.Bb2 Rc8 12.e4 dxe4 13.Ncxe4 Qc7 14.Qc2 Rfd8 15.Rad1 h6
16.Rfe1 Nxe4 17.Nxe4 Nf6 18.Bd3 Rd7 19.Re3 Rcd8 20.Qe2 Nxe4 21.Rxe4 Bf6 22.Rg4
h5 23.Rg3 h4 24.Rg4 c5 25.d5 e5 26.Re4 Re8 27.f4 Rde7 28.Re1 Bc8 29.fxe5 Bf5
30.d6 Qxd6 31.exd6 Rxe4 32.Bxe4 Rxe4 33.Qxe4 Bxe4 34.Bxf6 Bh7 35.Re8# 1-0

[Event "Ch City"]
[Site "masterchessopen.com Madrid (Spain)"]
[Round "6"]
[White "Anghel Valentin (ROM)"]
[Black "Vazquez Renier (ESP)"]
[Result "0-1"]
[WhiteElo "2314"]
[BlackElo "2457"]

1.d4 Nf6 2.c4 e6 3.Nc3 Bb4 4.e3 b6 5.Ne2 Ba6 6.a3 Bxc3+ 7.Nxc3 d5 8.b3 O-O
9.Be2 dxc4 10.Bxc4 Bxc4 11.bxc4 Nc6 12.Bb2 Na5 13.Qd3 Qd7 14.d5 c6 15.Rd1 Rad8
16.e4 exd5 17.cxd5 cxd5 18.Nxd5 Nxd5 19.exd5 Rfe8+ 20.Kf1 Qg4 21.h4 Nc4 22.Bc1
Ne5 23.Qd2 Rd6 24.Rh3 Rg6 25.f4 Nc4 {#R} 0-1

[Event "It (open)"]
[Site "masterchessopen.com Montpellier (France)"]
[Round "5"]
[White "Flear Christine (FRA)"]
[Black "Dumitrache Dragos-Nicolae (ROM)"]
[Result "0-1"]
[WhiteElo "2245"]
[BlackElo "2467"]

1.d4 Nf6 2.c4 e6 3.Nc3 Bb4 4.e3 b6 5.Ne2 Ba6 6.a3 Bxc3+ 7.Nxc3 d5 8.b3 Nc6
9.a4 O-O 10.Be2 Qd7 11.O-O Rfd8 12.Bb2 Na5 13.Nb5 c6 14.Na3 Rac8 15.Rc1 c5
16.dxc5 dxc4 17.Bxf6 gxf6 18.Qxd7 Rxd7 19.cxb6 Nxb3 20.Bxc4 Nxc1 21.Bxa6 Rc3
22.b7 Rd8 23.g3 Nb3 24.Rb1 Rc1+ 25.Rxc1 Nxc1 26.Nb5 Nb3 27.Nxa7 Nc5 28.Nc6
Rd1+ 29.Bf1 Nxb7 30.a5 Nc5 31.Kg2 Ra1 32.Bb5 Kf8 33.h4 Ra2 34.Kf3 f5 35.Kf4 f6
36.f3 Nb7 37.e4 fxe4 38.fxe4 Nxa5 39.Nxa5 Rxa5 40.Bc4 Ke7 41.g4 h6 42.Be2 Kd6
43.Bc4 Ra4 44.Bb5 Ra2 45.Bc4 Rf2+ 46.Ke3 Rh2 47.h5 Ke5 48.Bf1 Ra2 {#R} 0-1

[Event "Ch Commonwealth"]
[Site "masterchessopen.com Mumbai (India)"]
[Round "8"]
[White "Ravi Lanka (IND)"]
[Black "Ahmed Sk Nasir (BAN)"]
[Result "1-0"]
[WhiteElo "2431"]
[BlackElo "2359"]

1.d4 Nf6 2.c4 e6 3.Nc3 Bb4 4.e3 b6 5.Ne2 Ba6 6.a3 Be7 7.Nf4 d5 8.cxd5 Bxf1
9.Kxf1 Nxd5 10.Ncxd5 exd5 11.Qh5 c6 12.Ne6 g6 13.Qe5 f6 14.Qg3 Bd6 15.Nxd8
Bxg3 16.Nxc6 Bd6 17.Nb4 Bxb4 18.axb4 b5 19.Bd2 Ke7 20.Ke2 Rc8 21.Rhc1 Rxc1
22.Rxc1 a6 23.Rc5 {#r} 1-0